000 00790nam a22002537a 4500
003 dpl
005 20170124105918.0
008 161128b xxu||||| |||| 00| 0 eng d
010 _aB-229214
020 _c650.00
_a9780375766077
035 _aB-229214
037 _bCen Lib/Ret
040 _aDPL
_bEN
_cTIT
082 _a378.1662
_bROB
100 _aRobinson, Adam
_93394
245 _aCracing the Sat /
_cby Adam Robinson [and] John Katzman
260 _aNew York
_bRandom house Inc.
_c2007
270 _a2315 Broadway
_bNew York
_e10024
300 _axi, 647p.
_c26cm (pbk)
650 _aSAT (educational test)- study guides
_93395
650 _aScholastic aptitude test -study guides
_93396
700 _aKatzman,John
_9107104
942 _2ddc
_cEN
_h378.1662
_mROB
999 _c122972
_d122972